| 000 | 00691nac a22001931u 4500 | ||
|---|---|---|---|
| 008 | 100921t2003 xxu|||||r|||| 001 0 eng d | ||
| 020 | _a8172249357 | ||
| 020 | _a9788172249359 | ||
| 082 | 0 | 0 |
_a658.403 _bJUN _222 |
| 100 |
_aJuniper, Dean Francis. _919622 |
||
| 245 | 1 | 0 |
_aMaking Decisions : _bHow to Develop the Skills that Make for Good Decisions / _cDean F. Juniper. |
| 260 |
_aMumbai : _aJaico Publishing House, _c2003. |
||
| 300 |
_a164 p. : _bill. ; _c22 cm. |
||
| 504 | _aIncludes bibliographical references p.162 and index. | ||
| 650 | 0 |
_aDecision Making. _912112 |
|
| 650 | 0 |
_aDecision support systems. _94283 |
|
| 650 | 0 |
_aProblem solving. _910472 |
|
| 942 |
_cBB _k658.403JUN _2ddc |
||
| 999 |
_c1136 _d1136 |
||